شرح قانون توجيه وتنظيم أعمال البناء من الوجهة الجنائية والمدنية والإدارية / (Record no. 76743)
[ view plain ]
| 000 -LEADER | |
|---|---|
| fixed length control field | 02118nam a2200349 i 4500 |
| 003 - CONTROL NUMBER IDENTIFIER | |
| control field | EG-GICUC |
| 005 - DATE AND TIME OF LATEST TRANSACTION | |
| control field | 20260513130322.0 |
| 008 - FIXED-LENGTH DATA ELEMENTS--GENERAL INFORMATION | |
| fixed length control field | 260513s1996 ua ||||fr|||| 00| 0 ara d |
| 017 ## - COPYRIGHT OR LEGAL DEPOSIT NUMBER | |
| Copyright or legal deposit number | 11/11368 |
| 020 ## - INTERNATIONAL STANDARD BOOK NUMBER | |
| International Standard Book Number | 9770418366 |
| 040 ## - CATALOGING SOURCE | |
| Original cataloging agency | EG-GICUC |
| Language of cataloging | ara |
| Transcribing agency | EG-GICUC |
| Modifying agency | EG-GICUC |
| Description conventions | rda |
| 041 0# - LANGUAGE CODE | |
| Language code of text/sound track or separate title | ara |
| Language code of original | ara |
| 082 04 - DEWEY DECIMAL CLASSIFICATION NUMBER | |
| Edition number | 21 |
| Classification number | 343.471 |
| Item number | أ ش . ش |
| 092 04 - LOCALLY ASSIGNED DEWEY CALL NUMBER (OCLC) | |
| Edition number | 21 |
| 099 ## - LOCAL FREE-TEXT CALL NUMBER (OCLC) | |
| Classification number | Law1 10 343.471 أ ش . ش 1996 |
| 100 0# - MAIN ENTRY--PERSONAL NAME | |
| Personal name | أشرف توفيق شمس الدين |
| Relator term | مؤلف. |
| 245 10 - TITLE STATEMENT | |
| Title | شرح قانون توجيه وتنظيم أعمال البناء من الوجهة الجنائية والمدنية والإدارية / |
| Statement of responsibility, etc. | تأليف الدكتور أشرف توفيق شمس الدين. |
| 264 #1 - PRODUCTION, PUBLICATION, DISTRIBUTION, MANUFACTURE, AND COPYRIGHT NOTICE | |
| Place of production, publication, distribution, manufacture | لا يوجد مكان للنشر محدد : |
| Name of producer, publisher, distributor, manufacturer | لا يوجد ناشر محدد، |
| Date of production, publication, distribution, manufacture, or copyright notice | 1996. |
| 300 ## - PHYSICAL DESCRIPTION | |
| Extent | 217 صفحة ; |
| Dimensions | 24 سم. |
| Other physical details | إيضاحيات، صور، مثيليات ؛ |
| 336 ## - CONTENT TYPE | |
| Source | rda content |
| Content type term | text |
| 337 ## - MEDIA TYPE | |
| Source | rda media |
| Media type term | Computer |
| 338 ## - CARRIER TYPE | |
| Source | rda carrier |
| Carrier type term | Online Resource |
| 504 ## - BIBLIOGRAPHY, ETC. NOTE | |
| Bibliography, etc. note | يشتمل على إرجاعات ببليوجرافية. |
| 505 ## - FORMATTED CONTENTS NOTE | |
| Formatted contents note | يشمل هذا المؤلف : دراسة تفصيلية الأحكام القانون ١٠٦ لسنة ١٩٧٩ بشأن توجيه وتنظيم أعمال البناء وتعديلاته المختلفة حتى القانون ١٠١ لسنة ١٩٩٩ ولائحته التنفيذية الصادرة بالقرار الوزاري ۲۲۸ لسنة ١٩٩٦ من الوجهة الإدارية والمدنية<br/>دراسة تفصيلية الجراف المباني في قانون المياني والأمر العسكري رقم 7 السنة ١٩٩٦، في ضوء الفقه وأحكام القضاء والدفوع المثارة فيها وتسبيب الحكم الصادر بالإدانة |
| 546 ## - LANGUAGE NOTE | |
| Language note | النص باللغة العربية |
| 650 14 - SUBJECT ADDED ENTRY--TOPICAL TERM | |
| Topical term or geographic name entry element | القانون الجنائي |
| Source of heading or term | qrmak |
| 650 14 - SUBJECT ADDED ENTRY--TOPICAL TERM | |
| Topical term or geographic name entry element | التشريعات المتعلقة بالمباني والإسكان |
| Source of heading or term | qrmak |
| 651 1# - SUBJECT ADDED ENTRY--GEOGRAPHIC NAME | |
| Source of heading or term | qrmak |
| 856 40 - ELECTRONIC LOCATION AND ACCESS | |
| Uniform Resource Identifier | <a href="https://fll.law.cu.edu.eg/fulltext/bks/B10-12095.pdf">https://fll.law.cu.edu.eg/fulltext/bks/B10-12095.pdf</a> |
| 905 ## - Cataloger and Reviser Names | |
| Cataloger Name: | Gomana |
| 942 ## - ADDED ENTRY ELEMENTS (KOHA) | |
| Source of classification or shelving scheme | Dewey Decimal Classification |
| Koha item type | Books |
| Edition | 21 |
| Suppress in OPAC | No |
| Withdrawn status | Lost status | Source of classification or shelving scheme | Damaged status | Not for loan | Collection | Home library | Current library | Date acquired | Total checkouts | Full call number | Barcode | Date last seen | Copy number | Price effective from | Koha item type |
|---|---|---|---|---|---|---|---|---|---|---|---|---|---|---|---|
| Dewey Decimal Classification | Not for loan | القانون الجنائي | جــــامعة القــاهرة | مكتبة كلية الحقوق - المبنى الرئيسي | 13.05.2026 | Law1 10 343.471 أ ش . ش 1996 1012095 C1 | B10-12095 | 13.05.2026 | 1 | 13.05.2026 | Books |